000 00335pab a2200145 454500
008 180718b1990 xxu||||| |||| 00| 0 eng d
100 _aNatesan, S.
245 _aVocational guidance for the handicapped
260 _c1990
300 _a19-36
362 _aMay
650 _aHandicapped
773 _aSocial Welfare
909 _a10062
999 _c10062
_d10062